Вып. 2; Импульсная фотометрия

Podrobná bibliografie
Parent link:Импульсная фотометрия: [сборник статей]/ Государственный оптический институт им. С. И. Вавилова ; под ред. А. А. Волькенштейна. Вып. 2.— , 1969-1986
Shrnutí:В сборнике публикуются экспериментальные и расчетно-теоретические материалы, посвященные фотометрии источников импульсного излучения. Рассматриваются современные методы фотометрирования импульсных ламп и ОКГ, новые разработки импульсных измерительных фотоприемников, а также ис следования импульсных ламп. Сборник предназначен для научных работников и инженеров, работающих в физических и технических институтах и заводских лабораториях. Он может быть также полезен студентам физических, оптических и светотехнических специальностей вузов.
Jazyk:ruština
Vydáno: 1972
Témata:
Médium: Kniha
KOHA link:https://koha.lib.tpu.ru/cgi-bin/koha/opac-detail.pl?biblionumber=207764

MARC

LEADER 00000nam2a2200000 4500
001 207764
005 20231031191242.0
035 |a (RuTPU)RU\TPU\book\226719 
035 |a RU\TPU\book\226523 
090 |a 207764 
100 |a 20120127d1972 k y0rusy50 ca 
101 0 |a rus 
102 |a RU 
105 |a a z 001zy 
200 0 |a Вып. 2 
210 |d 1972 
215 |a 200 с.  |c ил. 
320 |a Библиогр. в конце ст. 
320 |a В конце сборника аннотации статей. 
330 |a В сборнике публикуются экспериментальные и расчетно-теоретические материалы, посвященные фотометрии источников импульсного излучения. Рассматриваются современные методы фотометрирования импульсных ламп и ОКГ, новые разработки импульсных измерительных фотоприемников, а также ис следования импульсных ламп. Сборник предназначен для научных работников и инженеров, работающих в физических и технических институтах и заводских лабораториях. Он может быть также полезен студентам физических, оптических и светотехнических специальностей вузов. 
461 1 |0 (RuTPU)RU\TPU\book\226521  |t Импульсная фотометрия  |o [сборник статей]  |f Государственный оптический институт им. С. И. Вавилова ; под ред. А. А. Волькенштейна  |v Вып. 2  |d 1969-1986 
610 1 |a фотоэлементы 
610 1 |a световые импульсы 
610 1 |a спектральный состав 
610 1 |a спектральная чувствительность 
610 1 |a погрешности измерения 
610 1 |a калориметрические измерения 
610 1 |a калориметры 
610 1 |a импульсные фотометры 
610 1 |a наносекундные фотометры 
610 1 |a наносекундные осциллографы 
610 1 |a импульсные лампы 
610 1 |a стандартизация 
610 1 |a стандартизованные методы 
610 1 |a импульсная фотометрия 
675 |a 621.32  |v 3 
675 |a 535.24  |v 3 
801 1 |a RU  |b 63413507  |c 20120126 
801 2 |a RU  |b 63413507  |c 20120201  |g RCR 
942 |c BK